000
00194 a2200097 4500
001
17939
100
_a
Harris, T A
245
_a
I'MOK - YOU'RE OK
260
_a
_b
Avon
_c
090
_c
13246
_d
13246
942
_a
NUST-CAE
_c
M
_c
3610
999
_c
253012
_d
253012